000 00493 a2200181 4500
001 123991
020 _a9788596027632
040 _cEscola Canadense de Niteroi
100 _aTronolone, Valquiria Baddini
245 1 0 _a+ Ação na escola e na comunidade: ciências da natureza e suas tecnologias
250 _a1. ed.
260 _aSão Paulo
300 _a302 p.
_bil.
362 0 _a2020
490 0 _a+ Ação na escola e na comunidade
650 4 _aCiências Naturais
942 _cBK
999 _c123991
_d123991